Las Bases económicas de la crisis política en Guatemala

Tallennettuna:
Bibliografiset tiedot
Yhteisötekijä: Frente Democrático contra la Represión (Guatemala)
Aineistotyyppi: Teksti
Julkaistu: Heredia: CEDAL
Tagit: Lisää tagi
Ei tageja, Lisää ensimmäinen tagi!

MARC

LEADER 00000 a a2200000 04500
001 15500
003
040 |a CRAI/IIS  |c CRAI/IIS 
090 |a 019300  
110 |a Frente Democrático contra la Represión (Guatemala)  
245 |a Las Bases económicas de la crisis política en Guatemala  
260 |a Heredia:   |b CEDAL  
300 |a 12 p.  
999 |c 2731  |d 2731